00418 2200169 4500001002100000005001500021035002000036245004100056100001200097250001700109300003200126260003300158082000800191084001400199020002200213650001300235INLIS00000000000034820240604021511 a0010-06240000571 aMembuat Alat Musik Rebana /cMashudi0 aMashudi acetakan ke-1 aiv, 28 hlm :bilus ;c21 cm aJakarta :bAzka Press,c2007 a786 a786 MAS m a978-979-121-161-1 4aKesenian